00556nam a2200169 i 450000100060000000300090000600500170001500700030003200800410003510000280007624500410010426000480014530000220019385200320021599900170024795201220026449888ES-MaACL20230906162059.0t|030725s1971 sp ||||1| spa d1 aCravina, Santos.94145510aIberia universal / cSantos Cravina. aMálaga : b[s.n.], c1971 (fImp. Montes) a120 p. ; c17 cm. aES-MaACLjC-41655 bR.79893 c49888d49888 00104070aATENEOMbATENEOMcDEPO2d2008-01-17eSCl0oC-41655p1052485r2023-02-23 00:00:00w2023-02-23yMONOGRAFIA